Advances in acarology. V 01. (Record no. 19770)

MARC details
000 -LEADER
fixed length control field 00301nam a2200121Ia 4500
082 ## - DEWEY DECIMAL CLASSIFICATION NUMBER
Classification number 595.42
Item number ADV.1
245 #0 - TITLE STATEMENT
Title Advances in acarology. V 01.
260 ## - PUBLICATION, DISTRIBUTION, ETC. (IMPRINT)
Place of publication New York
Name of publisher Comstock
Year of publication 1963
650 ## - SUBJECT ADDED ENTRY--TOPICAL TERM
Topical Term Acarology
700 ## - ADDED ENTRY--PERSONAL NAME
Personal name Naegele, John A
942 ## - ADDED ENTRY ELEMENTS (KOHA)
Koha item type Books
Holdings
Withdrawn status Lost status Damaged status Not for loan Home library Current library Date acquired Full call number Accession Number Koha item type
        RRII Library RRII Library 16/12/2021 595.42 ADV.1 00500 Books